प्रेमकवितेचे स्वरूप आणि स्थित्यतरे (Record no. 43273)
[ view plain ]
| 000 -LEADER | |
|---|---|
| fixed length control field | 00564nam a2200193Ia 4500 |
| 008 - FIXED-LENGTH DATA ELEMENTS--GENERAL INFORMATION | |
| fixed length control field | 220531s9999 xx 000 0 und d |
| 020 ## - INTERNATIONAL STANDARD BOOK NUMBER | |
| International Standard Book Number | 978-81-926415-6-0 |
| 041 ## - LANGUAGE CODE | |
| Language code of text/sound track or separate title | mar |
| 082 ## - DEWEY DECIMAL CLASSIFICATION NUMBER | |
| Item number | MHA |
| 100 ## - MAIN ENTRY--PERSONAL NAME | |
| Personal name | म्हाळस, चित्रा |
| 9 (RLIN) | 78058 |
| 245 ## - TITLE STATEMENT | |
| Title | प्रेमकवितेचे स्वरूप आणि स्थित्यतरे |
| 250 ## - EDITION STATEMENT | |
| Edition statement | 1ST |
| 260 ## - PUBLICATION, DISTRIBUTION, ETC. (IMPRINT) | |
| Place of publication, distribution, etc. | Ahmednagar |
| Name of publisher, distributor, etc. | Lilavati |
| Date of publication, distribution, etc. | 2019 |
| 300 ## - PHYSICAL DESCRIPTION | |
| Extent | 136 |
| 542 ## - INFORMATION RELATING TO COPYRIGHT STATUS | |
| Copyright holder | 31-12-2018 |
| 650 ## - SUBJECT ADDED ENTRY--TOPICAL TERM | |
| Topical term or geographic name as entry element | Genral |
| 9 (RLIN) | 78059 |
| 906 ## - LOCAL DATA ELEMENT F, LDF (RLIN) | |
| d | 2018-2019 |
| f | 15686 |
| Withdrawn status | Lost status | Source of classification or shelving scheme | Damaged status | Not for loan | Collection code | Home library | Current library | Date acquired | Vendor | Cost, normal purchase price | Total Checkouts | Total Holds | Full call number | Barcode | Date last seen | Cost, replacement price | Bill Date | Koha item type | Original Barcode |
|---|---|---|---|---|---|---|---|---|---|---|---|---|---|---|---|---|---|---|---|
| Dewey Decimal Classification | Shri Siddhivinayak Mahila Mahavidyalaya | Shri Siddhivinayak Mahila Mahavidyalaya | 15/01/2019 | Snehawardhan | 130.00 | 1 | /MHA/B/22041 | SSMM-BK-22041 | 06/08/2022 | 130.00 | 06/08/2022 | Books | 010022041 |